Lực lượng vũ trang nhân dân Cần Thơ 30 năm kháng chiến 1945 - 1975

保存先:
書誌詳細
第一著者: Đảng Ủy - Bộ chỉ huy quân sự tỉnh Cần Thơ
フォーマット: 図書
言語:Undetermined
出版事項: H. QĐND 2002
主題:
タグ: タグ追加
タグなし, このレコードへの初めてのタグを付けませんか!
Thư viện lưu trữ: Trung tâm Học liệu Trường Đại học Cần Thơ
LEADER 00627nam a2200181Ia 4500
001 CTU_51393
008 210402s9999 xx 000 0 und d
082 |a 355.009597 
082 |b Đ106 
100 |a Đảng Ủy - Bộ chỉ huy quân sự tỉnh Cần Thơ 
245 0 |a Lực lượng vũ trang nhân dân Cần Thơ 30 năm kháng chiến 1945 - 1975 
245 0 |c Đảng Ủy - Bộ chỉ huy quân sự tỉnh Cần Thơ 
260 |a H. 
260 |b QĐND 
260 |c 2002 
650 |a vietnam 
650 |x armed forces 
980 |a Trung tâm Học liệu Trường Đại học Cần Thơ